Greening existing buildings

Bibliographic Details
Main Author: Yudelson, Jerry
Format: Book
Language:English
Published: New York : McGrawHill , 2010
Subjects:

MARC

LEADER 00000cam a2200000 7i4500
001 0000023723
005 20111024.0
008 111024s nyua eng
020 |a 9780071638326 ,   |c RM298.00 
040 |a INS 
090 0 0 |a TH880   |b Y83 2010 
100 1 |a Yudelson, Jerry 
245 1 0 |a Greening existing buildings   |c Jerry Yudelson 
260 |a New York :   |b McGrawHill ,   |c 2010 
300 |a xix, 308p. :   |b ill. ;   |c 24cm. 
500 |a Includes index 
650 0 |a Buildings   |x Repair and reconstruction 
650 0 |a Sustainable buildings   |x Design and construction 
999 |a 1000000282   |b BOOK   |c Open Shelf   |e Default branch 
999 |a 1000000425   |b BOOK   |c Open Shelf   |e Default branch